A mesterséges intelligencia szerepe a mindennapi életben

Bibliográfiai részletek
Szerző: Katonka Zsolt
További közreműködők: Gubán Dr Miklós
Dokumentumtípus: Diplomadolgozat
Kulcsszavak:mesterséges intelligencia
lágy számitási modellek
neurális hálozatok
kifejtett hatás
humán munkaerő helyettesíthetősége
Online Access:http://dolgozattar.uni-bge.hu/12581

MARC

LEADER 00000nta a2200000 i 4500
001 dolg12581
005 20170607165850.0
008 170607suuuu hu om 000 hun d
040 |a BGE Dolgozattár Repozitórium  |b hun 
041 |a hu 
100 1 |a Katonka Zsolt 
245 1 2 |a A mesterséges intelligencia szerepe a mindennapi életben  |c Katonka Zsolt  |h [elektronikus dokumentum] 
520 3 |a A szakdolgozatomban a mesterséges intelligencia tudományterületével foglalkozom, bővebben annak a mindennapi életre kifejtett hatásaival. Először fogalmi keretbe helyezem a mesterséges intelligencia definícióját és egy általános értelmezési keretet nyújtok, illetve a téma fejlődésének bemutatásához elengedhetetlen történelmi áttekintést, a fontosabb lényegi történeseket kiemelve. Még ezen a ponton egy rövid összesítést is bemutatok a lehetséges felhasználási területekről. Ezt követően az általam kiválasztott területen, a lágy számítási modelleken belül ismertetem részletesen a neurális hálózatokat. Bemutatásra kerülnek a hálózat elemei, a topológiák, azoknak számítási képességei és felhasználási lehetőségei is. Külön fejezetben foglalkozom a mesterséges intelligencia alkalmazási lehetőségeivel, ahol egy pár általános példa után külön alfejezetben bemutatom azokat a projekteket, melyek a mesterséges intelligenciát, mint adatbányászatot elősegítő módszert alkalmazzák. Ezen belül foglalkozom a pénzügyi szektorban napjainkban található legizgalmasabb projekttel, a Numerai-val, illetve FinTech jelenséggel. Végezetül az összefoglalást megelőzően egy lezáró fejezetben foglalkozom a mesterséges intelligencia gazdaságra kifejtett hatásaival. 
695 |a mesterséges intelligencia 
695 |a lágy számitási modellek 
695 |a neurális hálozatok 
695 |a kifejtett hatás 
695 |a humán munkaerő helyettesíthetősége 
700 1 |a Gubán Dr Miklós  |e ths 
856 4 0 |u http://dolgozattar.uni-bge.hu/12581/1/katonka_zsolt_2017j%C3%BAn_publikus.pdf  |z Dokumentum-elérés